Statistics for Current Leicester City Players

Click here to take the quiz!

General Stats

  • This quiz has been taken 8 times
  • The average score is 21 of 33

Answer Stats

HintAnswer% Correct
#9Forward/EnglandJamie Vardy
100%
#25Midfielder/NigeriaWilfred Ndidi
100%
#17Forward/SpainAyoze Perez
88%
ManagerBrendan Rodgers
88%
#4Defender/TurkeyCaglar Soyuncu
88%
#28Defender/AustriaChristian Fuchs
88%
#10Midfielder/EnglandJames Maddison
88%
#6Defender/Northern IrelandJonny Evans
88%
#1Goalkeeper/DenmarkKasper Schmeichel
88%
#14Forward/NigeriaKelechi Iheanacho
88%
#3Defender/FranceWesley Fofana
88%
#8Midfielder/BelguimYouri Tielemans
88%
#18Defender/GhanaDaniel Amartey
75%
#12Goalkeeper/WalesDanny Ward
75%
#15Midfielder/EnglandHarvey Barnes
75%
#21Defender/PortugalRicardo Pereira
75%
#27Defender/BelguimTimothy Castagne
75%
#5Defender/JamaicaWes Morgan
75%
#26Midfielder/BelguimDennis Praet
63%
#35Goalkeeper/SwitzerlandEldin Jakupovic
63%
#2Defender/EnglandJames Justin
63%
#33Defender/EnglandLuke Thomas
63%
#11Midfielder/EnglandMarc Albrighton
63%
#19Midfielder/TurkeyCengiz Under
50%
#20Midfielder/EnglandHamza Choudhury
38%
#24Midfielder/SenegalNampalys Mendy
38%
#59Defender/EnglandBen Nelson
25%
#51Goalkeeper/PolandJakub Stolarczyk
25%
#50Midfielder/PortugalSidnei Tavares
25%
#46Defender/EnglandVontae Daley-Campbell
25%
#37Midfielder/EnglandEthan Fitzhugh
13%
#53Midfielder/IrelandShane Flynn
13%
#38Midfielder/South AfricaThakgalo Leshabela
13%

Score Distribution

Percentile by Number Answered

Percent of People with Each Score

Your Score History

You have not taken this quiz